[Event "Titled Tuesday intern op 16th Apr Early"]
[Site "Chess.com INT"]
[Date "2024.04.16"]
[Round "4"]
[White "Florendo, Joey Albert"]
[Black "Donskov, Anatoly"]
[Result "0-1"]
[WhiteElo "2162"]
[BlackElo "2279"]
[PlyCount "96"]
[EventDate "2024.04.16"]
[EventType "swiss (blitz)"]
[EventRounds "11"]
[EventCountry "USA"]
[SourceTitle "CBM 219 Extra"]
[Source "ChessBase"]
[SourceDate "2024.05.31"]
[SourceVersion "1"]
[SourceVersionDate "2024.05.31"]
[SourceQuality "1"]

1. d4 Nf6 2. Bg5 c5 3. dxc5 Qa5+ 4. Nd2 Qxc5 5. Ngf3 Nc6 6. e4 d6 7. Be2 e6 8. 0-0 Be7 9. c3 0-0 10. h3 Qa5 11. Nc4 Qc7 12. Bxf6 gxf6 13. Qd2 Rd8 14. Qh6 Ne5 15. Ne3 Nxf3+ 16. Bxf3 Qc5 17. h4 Bd7 18. Rad1 Bb5 19. Rfe1 Bc6 20. Ng4 a5 21. Nxf6+ Bxf6 22. Qxf6 Qe5 23. Qg5+ Qxg5 24. hxg5 Kg7 25. Rd2 Kg6 26. Red1 Kxg5 27. Rxd6 Rxd6 28. Rxd6 h5 29. g3 h4 30. gxh4+ Kxh4 31. Kf1 Kg5 32. Ke2 Kf4 33. c4 Re8 34. b3 f5 35. Rd1 fxe4 36. Bg2 Rg8 37. Bh3 Rg6 38. Rd8 Rh6 39. Rf8+ Ke5 40. Bf1 Rh2 41. Ke3 Rh1 42. Be2 Ra1 43. a4 Rb1 44. Ra8 Rxb3+ 45. Kd2 Rb2+ 46. Ke3 b6 47. Rc8 Bxa4 48. c5 Rc2 0-1

[Event "Titled Tuesday intern op 16th Apr Early"]
[Site "Chess.com INT"]
[Date "2024.04.16"]
[Round "1"]
[White "Florendo, Joey Albert"]
[Black "Van Baar, Esper"]
[Result "1-0"]
[WhiteElo "2162"]
[BlackElo "2204"]
[PlyCount "57"]
[EventDate "2024.04.16"]
[EventType "swiss (blitz)"]
[EventRounds "11"]
[EventCountry "USA"]
[SourceTitle "CBM 219 Extra"]
[Source "ChessBase"]
[SourceDate "2024.05.31"]
[SourceVersion "1"]
[SourceVersionDate "2024.05.31"]
[SourceQuality "1"]

1. d4 Nf6 2. Bg5 d5 3. Bxf6 gxf6 4. e3 c5 5. c3 Nc6 6. dxc5 e5 7. b4 a5 8. Qb3 axb4 9. cxb4 b6 10. Bb5 Bb7 11. Nf3 bxc5 12. bxc5 Bxc5 13. 0-0 0-0 14. a4 Na5 15. Qc2 Rc8 16. Qf5 Qe7 17. Nbd2 Qe6 18. Qh5 f5 19. Nh4 Kh8 20. Nxf5 Rg8 21. Ng3 Rg6 22. Qf5 Qxf5 23. Nxf5 Rcg8 24. g3 Bc8 25. Nh4 Rh6 26. Ng2 f5 27. Rac1 Bb4 28. Nf3 e4 29. Nd4 1-0

[Event "Titled Tuesday intern op 31st Oct Early"]
[Site "Chess.com INT"]
[Date "2023.10.31"]
[Round "11"]
[White "Florendo, Joey Albert"]
[Black "Maximov, Dmitry"]
[Result "1/2-1/2"]
[WhiteElo "2162"]
[BlackElo "2491"]
[PlyCount "132"]
[EventDate "2023.10.31"]
[EventType "swiss (blitz)"]
[EventRounds "11"]
[EventCountry "USA"]
[SourceTitle "EXT 2025"]
[Source "ChessBase"]
[SourceDate "2024.10.14"]
[SourceVersion "1"]
[SourceVersionDate "2024.10.14"]
[SourceQuality "1"]

1. d4 Nf6 2. Bg5 c5 3. dxc5 e6 4. Nd2 Bxc5 5. e3 d5 6. Ngf3 Nc6 7. c4 0-0 8. a3 a5 9. Be2 h6 10. Bh4 Be7 11. 0-0 d4 12. exd4 Nxd4 13. Nxd4 Qxd4 14. Nf3 Qxb2 15. Re1 Rd8 16. Qc1 Qxc1 17. Rexc1 Bd7 18. Ne5 Be8 19. Bf3 Rab8 20. Bg3 b6 21. Nc6 Bxc6 22. Bxc6 Rbc8 23. Bb7 Rc5 24. Rab1 Nd7 25. a4 h5 26. h3 h4 27. Bh2 f5 28. Kf1 Kf7 29. Ba6 g5 30. f3 Nf6 31. Rxb6 Rd2 32. Re1 g4 33. Rbxe6 Bd8 34. Bf4 Ra2 35. Bd6 Bb6 36. Bxc5 Bxc5 37. R6e2 Rxa4 38. Bb5 Ra3 39. fxg4 fxg4 40. Rd1 Nh5 41. Re5 Ng3+ 42. Ke1 Bb4+ 43. Kf2 Ra2+ 44. Ke3 Rxg2 45. hxg4 h3 46. Bc6 Re2+ 47. Kf4 Rxe5 48. Kxe5 h2 49. Bh1 a4 50. Kd5 a3 51. c5 a2 52. c6 Ba5 53. Kd6 Bb4+ 54. Kd7 Ba5 55. c7 Bxc7 56. Kxc7 Kf6 57. Bf3 Kg5 58. Bh1 Kxg4 59. Kc6 Nxh1 60. Rxh1 Kg3 61. Ra1 Kh3 62. Kc5 Kg2 63. Rxa2+ Kg1 64. Ra1+ Kg2 65. Kd4 h1Q 66. Rxh1 Kxh1 1/2-1/2

[Event "Titled Tuesday intern op 31st Oct Early"]
[Site "Chess.com INT"]
[Date "2023.10.31"]
[Round "5"]
[White "Leiva Rodriguez, Jeammarco Giuseppe"]
[Black "Florendo, Joey Albert"]
[Result "0-1"]
[WhiteElo "2403"]
[BlackElo "2162"]
[PlyCount "60"]
[EventDate "2023.10.31"]
[EventType "swiss (blitz)"]
[EventRounds "11"]
[EventCountry "USA"]
[SourceTitle "EXT 2025"]
[Source "ChessBase"]
[SourceDate "2024.10.14"]
[SourceVersion "1"]
[SourceVersionDate "2024.10.14"]
[SourceQuality "1"]

1. d4 d5 2. Nf3 Nf6 3. Bf4 c5 4. e3 cxd4 5. exd4 Nc6 6. c3 Bf5 7. Nbd2 e6 8. Bb5 Qb6 9. Qb3 Be7 10. Ne5 Rc8 11. Ba4 0-0 12. Qxb6 axb6 13. 0-0 Nxe5 14. Bxe5 Bd3 15. Rfe1 b5 16. Bb3 b4 17. Rac1 bxc3 18. Rxc3 Rxc3 19. bxc3 b5 20. Re3 Bg6 21. f3 Rc8 22. Bf4 Ba3 23. c4 Bc1 24. Re1 Bxd2 25. Bxd2 dxc4 26. Rc1 Ra8 27. Bd1 Rxa2 28. Bb4 Nd5 29. Bc5 h5 30. h4 Bd3 0-1

[Event "Titled Tuesday intern op 31st Oct Early"]
[Site "Chess.com INT"]
[Date "2023.10.31"]
[Round "9"]
[White "Sharapov, Evgeny"]
[Black "Florendo, Joey Albert"]
[Result "0-1"]
[WhiteElo "2375"]
[BlackElo "2162"]
[PlyCount "108"]
[EventDate "2023.10.31"]
[EventType "swiss (blitz)"]
[EventRounds "11"]
[EventCountry "USA"]
[SourceTitle "EXT 2025"]
[Source "ChessBase"]
[SourceDate "2024.10.14"]
[SourceVersion "1"]
[SourceVersionDate "2024.10.14"]
[SourceQuality "1"]

1. e4 c6 2. d4 d5 3. e5 c5 4. Nf3 Nc6 5. c4 cxd4 6. Nxd4 e6 7. cxd5 Qxd5 8. Nxc6 Qxd1+ 9. Kxd1 bxc6 10. Nc3 Ne7 11. Kc2 Nd5 12. a3 Bc5 13. Ne4 Be7 14. Bc4 0-0 15. Bd2 a5 16. Rac1 Rd8 17. Rhd1 Ba6 18. Bxa6 Rxa6 19. Bg5 Bxg5 20. Nxg5 Rb8 21. Ne4 Rab6 22. Rb1 Kf8 23. g3 Ke7 24. Rd3 Rb5 25. f4 h5 26. Nc3 Rc5 27. Kd2 Rc4 28. b3 Nxc3 29. Rxc3 Rd8+ 30. Rd3 Rcd4 31. Rxd4 Rxd4+ 32. Ke3 Rd5 33. Rc1 Kd7 34. Rc4 Kc7 35. b4 axb4 36. Rxb4 Ra5 37. a4 c5 38. Rc4 Kc6 39. Ke4 g6 40. h3 Ra8 41. g4 hxg4 42. hxg4 Rb8 43. f5 g5 44. a5 Rb4 45. Kd3 Rb3+ 46. Kc2 Ra3 47. Rc3 Rxc3+ 48. Kxc3 Kb5 49. Kb3 Kxa5 50. Kc4 Kb6 51. fxe6 fxe6 52. Kc3 Kb5 53. Kb3 c4+ 54. Kc3 Kc5 0-1

[Event "Titled Tuesday intern op 24th Oct Early"]
[Site "Chess.com INT"]
[Date "2023.10.24"]
[Round "10"]
[White "Florendo, Joey Albert"]
[Black "Morales Garcia, Sergio Joshafatt"]
[Result "0-1"]
[WhiteElo "2162"]
[BlackElo "2204"]
[PlyCount "76"]
[EventDate "2023.10.24"]
[EventType "swiss (blitz)"]
[EventRounds "11"]
[EventCountry "USA"]
[SourceTitle "EXT 2025"]
[Source "ChessBase"]
[SourceDate "2024.10.14"]
[SourceVersion "1"]
[SourceVersionDate "2024.10.14"]
[SourceQuality "1"]

1. d4 d5 2. Bg5 h6 3. Bh4 c6 4. e3 Qb6 5. Nd2 Qxb2 6. Bd3 e6 7. Ngf3 Qb6 8. 0-0 Be7 9. Bxe7 Nxe7 10. Ne5 0-0 11. c4 c5 12. Rb1 Qc7 13. cxd5 cxd4 14. exd4 Nxd5 15. Qh5 Nf6 16. Qh4 Nc6 17. Rfc1 Qd6 18. Ne4 Nxe4 19. Qxe4 f5 20. Qe3 Qxd4 21. Qxd4 Nxd4 22. Rc7 Nc6 23. Ng6 Rf7 24. Rxf7 Kxf7 25. Nf4 g5 26. Ne2 b6 27. f4 Bb7 28. Rc1 Rc8 29. Kf2 Nb4 30. Rd1 Rd8 31. Nc1 Ba6 32. Be2 Rxd1 33. Bxd1 gxf4 34. Bb3 Kf6 35. Kf3 e5 36. a3 Nd3 37. Nxd3 Bxd3 38. Kf2 e4 0-1

[Event "Titled Tuesday intern op 12th Sep Early"]
[Site "Chess.com INT"]
[Date "2023.09.12"]
[Round "9"]
[White "Dilmukhametov, Artur"]
[Black "Florendo, Joey Albert"]
[Result "1-0"]
[WhiteElo "2276"]
[BlackElo "2162"]
[PlyCount "117"]
[EventDate "2023.09.12"]
[EventType "swiss (blitz)"]
[EventRounds "11"]
[EventCountry "USA"]
[SourceTitle "EXT 2024"]
[Source "ChessBase"]
[SourceDate "2023.10.10"]
[SourceVersion "1"]
[SourceVersionDate "2023.10.10"]
[SourceQuality "1"]

1. e4 c6 2. Nc3 d5 3. Qf3 e6 4. d4 Nf6 5. e5 Nfd7 6. Qg3 c5 7. Nf3 Nc6 8. Bd3 cxd4 9. Ne2 Nc5 10. 0-0 Bd7 11. Nexd4 Qb6 12. Nb3 Nxd3 13. cxd3 Nb4 14. Be3 Qb5 15. Rfd1 Rc8 16. Nfd4 Qa6 17. Bf4 h6 18. h4 g6 19. a3 Nc2 20. Rac1 Nxd4 21. Rxc8+ Bxc8 22. Nxd4 Bg7 23. Rc1 Bd7 24. Qe3 Qb6 25. b4 0-0 26. Nb3 Qxe3 27. fxe3 Rc8 28. Rxc8+ Bxc8 29. Kf2 b6 30. b5 Bd7 31. a4 g5 32. hxg5 hxg5 33. Bg3 Bf8 34. Kf3 Kg7 35. Nd4 Kg6 36. Nc6 a5 37. Nb8 Be8 38. Bf2 Bc5 39. Na6 Be7 40. e4 dxe4+ 41. dxe4 Bd8 42. Bd4 Bd7 43. Nb8 Be8 44. Nc6 Bxc6 45. bxc6 Bc7 46. Ke3 Kh5 47. Kd3 Kg4 48. Kc4 Kf4 49. Kb5 Kxe4 50. Bxb6 Bxe5 51. Bxa5 f5 52. c7 Bxc7 53. Bxc7 f4 54. a5 g4 55. a6 e5 56. a7 Ke3 57. Bxe5 f3 58. gxf3 gxf3 59. Bg3 1-0

[Event "Titled Tuesday intern op 12th Sep Early"]
[Site "Chess.com INT"]
[Date "2023.09.12"]
[Round "3"]
[White "Florendo, Joey Albert"]
[Black "Smirnov, Mark1"]
[Result "0-1"]
[WhiteElo "2162"]
[BlackElo "2005"]
[PlyCount "50"]
[EventDate "2023.09.12"]
[EventType "swiss (blitz)"]
[EventRounds "11"]
[EventCountry "USA"]
[SourceTitle "EXT 2024"]
[Source "ChessBase"]
[SourceDate "2023.10.10"]
[SourceVersion "1"]
[SourceVersionDate "2023.10.10"]
[SourceQuality "1"]

1. d4 Nf6 2. Bg5 e6 3. e4 h6 4. Bxf6 Qxf6 5. c3 d6 6. Bc4 Nd7 7. Ne2 Qg6 8. Ng3 h5 9. h4 Be7 10. Nd2 Qh6 11. Nf3 Nf6 12. Qe2 Bd7 13. Ng5 Ng4 14. f3 Nf6 15. 0-0 0-0 16. Rad1 Rae8 17. Bd3 e5 18. Bc4 exd4 19. cxd4 d5 20. Bd3 dxe4 21. fxe4 Ng4 22. Qd2 Qd6 23. e5 Qxd4+ 24. Kh1 Qxe5 25. Nxh5 Qh2# 0-1

[Event "Titled Tuesday intern op 12th Sep Early"]
[Site "Chess.com INT"]
[Date "2023.09.12"]
[Round "7"]
[White "Rios Escobar, Adan"]
[Black "Florendo, Joey Albert"]
[Result "1/2-1/2"]
[WhiteElo "2234"]
[BlackElo "2162"]
[PlyCount "120"]
[EventDate "2023.09.12"]
[EventType "swiss (blitz)"]
[EventRounds "11"]
[EventCountry "USA"]
[SourceTitle "EXT 2024"]
[Source "ChessBase"]
[SourceDate "2023.10.10"]
[SourceVersion "1"]
[SourceVersionDate "2023.10.10"]
[SourceQuality "1"]

1. d4 Nf6 2. g3 e6 3. c4 Bb4+ 4. Nd2 0-0 5. Bg2 d5 6. Ngf3 c6 7. 0-0 Nbd7 8. Qc2 b6 9. e4 dxe4 10. Nxe4 Nxe4 11. Qxe4 Bb7 12. Rd1 Be7 13. Bf4 Qc8 14. Rac1 c5 15. d5 Re8 16. Bh3 exd5 17. cxd5 Qd8 18. Qc2 Nf6 19. Ng5 Bd6 20. Nxf7 Kxf7 21. Be6+ Kf8 22. Bg5 Be5 23. Re1 Bd4 24. Qf5 Rxe6 25. dxe6 Qd5 26. e7+ Kf7 27. Qxd5+ Bxd5 28. Rcd1 Re8 29. Be3 Rxe7 30. Bxd4 Rxe1+ 31. Rxe1 cxd4 32. Rd1 Bxa2 33. Rxd4 Bd5 34. g4 h6 35. h4 Be6 36. g5 hxg5 37. hxg5 Nd5 38. Kg2 a5 39. Kg3 Ke7 40. Re4 Kd6 41. Rh4 Ne7 42. Rh7 Ke5 43. f4+ Ke4 44. Rh8 Nf5+ 45. Kf2 Kxf4 46. Rb8 Kxg5 47. Rxb6 Bd7 48. Ra6 a4 49. Ra7 Be8 50. Ra8 Bf7 51. Rxa4 Kf6 52. Ra7 g5 53. b4 Bc4 54. Rc7 Nd6 55. Rc6 Ke6 56. Kg3 Kd7 57. Rc5 Ne4+ 58. Kg4 Nxc5 59. bxc5 Kc6 60. Kxg5 Kxc5 1/2-1/2

[Event "Titled Tuesday intern op 12th Sep Early"]
[Site "Chess.com INT"]
[Date "2023.09.12"]
[Round "5"]
[White "Van Roon, Sjoerd"]
[Black "Florendo, Joey Albert"]
[Result "1-0"]
[WhiteElo "2237"]
[BlackElo "2162"]
[PlyCount "123"]
[EventDate "2023.09.12"]
[EventType "swiss (blitz)"]
[EventRounds "11"]
[EventCountry "USA"]
[SourceTitle "EXT 2024"]
[Source "ChessBase"]
[SourceDate "2023.10.10"]
[SourceVersion "1"]
[SourceVersionDate "2023.10.10"]
[SourceQuality "1"]

1. e4 c6 2. d4 d5 3. e5 Bf5 4. Nf3 e6 5. Be2 Ne7 6. 0-0 Nd7 7. a4 Nc8 8. a5 Be7 9. c4 Bxb1 10. Rxb1 Qxa5 11. c5 Qd8 12. b4 b5 13. Bd2 0-0 14. Ra1 f6 15. Bd3 Qc7 16. Re1 f5 17. Ra3 Nb8 18. Qc2 Qd8 19. Rea1 Qe8 20. Qc1 h6 21. h3 Qh5 22. Be2 Qf7 23. Kf1 g5 24. Nh2 Kh8 25. f4 Rg8 26. Nf3 g4 27. hxg4 fxg4 28. Ng1 Nd7 29. Bd3 Qh5 30. Ne2 g3 31. Ng1 Nf8 32. f5 exf5 33. Bxh6 Ne6 34. Be3 f4 35. Bd2 Nxd4 36. Bc3 Ne6 37. Nf3 Qh1+ 38. Ng1 d4 39. Bb2 Bg5 40. Qd1 Ne7 41. Be4 f3 42. Rxf3 Be3 43. Rxe3 dxe3 44. Qd6 Raf8+ 45. Bf3 Qh4 46. Qxe6 Qc4+ 47. Qxc4 bxc4 48. e6+ Kh7 49. Ke2 Kg6 50. Be4+ Kg5 51. Nf3+ Kf4 52. Bc2 Nd5 53. Be5+ Kg4 54. Rh1 Nf4+ 55. Bxf4 Kxf4 56. Rh4+ Rg4 57. Rh7 Rgg8 58. e7 Re8 59. Rf7+ Kg4 60. Bf5+ Kf4 61. Bd7+ Ke4 62. Bf5+ 1-0

[Event "Olongapo City Puregold op-B"]
[Site "Olongapo City"]
[Date "2015.11.19"]
[Round "5"]
[White "Florendo, Joey Albert"]
[Black "Mirano, Kevin"]
[Result "1-0"]
[WhiteElo "2086"]
[BlackElo "2085"]
[PlyCount "67"]
[EventDate "2015.11.17"]
[EventType "swiss"]
[EventRounds "9"]
[EventCountry "PHI"]
[SourceTitle "EXT 2017"]
[Source "ChessBase"]
[SourceDate "2016.10.25"]
[SourceVersion "1"]
[SourceVersionDate "2016.10.25"]
[SourceQuality "1"]

1. d4 d5 2. c4 e6 3. Nc3 Nf6 4. e3 c6 5. Nf3 Nbd7 6. Qc2 Bd6 7. Be2 0-0 8. 0-0 dxc4 9. Bxc4 e5 10. Rd1 Qe7 11. h3 e4 12. Nd2 Nb6 13. Bf1 Bf5 14. b3 Bg6 15. Nc4 Nxc4 16. bxc4 Rad8 17. a4 Rfe8 18. Qb3 h5 19. Ba3 h4 20. Bxd6 Rxd6 21. Rdb1 Rd7 22. Qb4 c5 23. Qxc5 Qxc5 24. dxc5 Rc8 25. Nb5 Rxc5 26. Nxa7 Rd2 27. Rb5 Nd7 28. a5 Bf5 29. Rxb7 Be6 30. Nb5 Rc8 31. a6 Nc5 32. Rc7 Nxa6 33. Rxa6 Rcd8 34. Nd4 1-0